00282nam a22001097a 4500020001800000040000900018082001600027100001900043245004300062260004500105650002200150 a9789693522518 cNUST a954.914 IHS aIhsan H Nadiem aPortrait Of Punjab Land History People aLAHORE:bSang E Meel Publications,c2009 aPunjab (Pakistan)